Gaming Quiz

Random Gaming or Board Games Quiz

The Rules of the Game Quiz Stats

 Plays Quiz Updated Jul 6, 2018

Score 0/25 Timer 06:00
10 Plays Today
Rule Game % Correct
Each time a player passes 'GO' he/she receives $200 from the banker.Monopoly
99.6%
A ship is sunk when all of its squares have been hit.Battleship
92.6%
With the exception of the knight, a piece may not move over or through any of the other pieces.Chess
92.2%
Whenever you land on a Baby Boy or Baby Girl space, add 1 people peg to your car.The Game of Life
91.6%
If after drawing the Doctor card a player is not successful in extracting the body part and sets off the buzzer, that player loses a turn.Operation
88.7%
The player having the red token, Miss Scarlet, rolls the die and moves first.Clue
88.5%
Any player who falls, or touches the mat with an elbow or knee, is immediately out of the game.Twister
88.3%
When you land on a square with a picture of the bottom of a ladder, move up the ladder. Chutes and Ladders
85.6%
Carefully remove a block from anywhere BELOW the highest completed story.Jenga
82.3%
If you can jump, you must. And, a multiple jump must be completed.Checkers
80.4%
Make sure the sliding lever is positioned so that the bars prevent the checkers from falling through the grid.Connect Four
80.2%
When a player is able to place all seven tiles from the tile rack on the board at the same time, that player receives a 50 point bonus.Scrabble
78.3%
After all the marbles have been gobbled, players count up their marbles.Hungry Hungry Hippos
74.8%
Rule Game % Correct
Drawing or including letters or numbers is against the rules.Pictionary
73.7%
Cheese Cards may be used this way only when you are on the TURN CRANK space.Mousetrap
73.4%
A player may attack any opponent's territory adjacent with his own, from his own territory, so long as he has a minimum of two armies on it.Risk
73.2%
The game continues until a player has collected wedges of all 6 colors and then moves his or her marker back to the hub.Trivial Pursuit
70.4%
For example you may ask: 'Does your person have white hair?',Guess Who
69.4%
The last five squares before home are the 'safety zone.' Access is limited to those pawns of the same color.Sorry
65.4%
In addition, dwarves have infravision and can see monsters up to 60' away in the dark. Dungeons and Dragons
49.1%
She may play the Ninetales card on top of the Vulpix card.Pokémon
44.2%
If any marbles should fall through the web of sticks and roll out the opening in the bottom of the tube, drop those marbles down the top hole again.Ker Plunk
23.7%
A roll of 6 and 6 means that the player has four sixes to use.Backgammon
23.6%
Spilled Bucket: Dump the cherries out of your bucket, place them back on your tree and start over.Hi-Ho Cherry-O
22.1%
If he bucks while you’re placing the piece; or if that piece, or any other piece, falls off of him, you’re out of the game!Buckaroo
11.2%

You're not logged in!

Compare scores with friends on all Sporcle quizzes.
OR
Log In

Show Comments

Extras

Top Quizzes Today


Score Distribution

Your Account Isn't Verified!

In order to create a playlist on Sporcle, you need to verify the email address you used during registration. Go to your Sporcle Settings to finish the process.

Report this User

Report this user for behavior that violates our Community Guidelines.

Details: